Rèn luyện năng lực sử dụng tiếng Việt cho học sinh qua dạy học theo dự án : Luận văn Thạc sĩ Khoa học giáo dục. Chuyên ngành Lý luận và Phương pháp dạy học bộ môn Văn và tiếng Việt

Tổng quan tình hình nghiên cứu và cơ sở lí luận, đề xuất một số dự án góp phần rèn luyện năng lực sử dụng tiếng Việt.

Đã lưu trong:
書目詳細資料
主要作者: Huỳnh, Thị Kim Yến
格式: 圖書
語言:Undetermined
出版: Cần Thơ Trường Đại học Cần Thơ 2017
主題:
標簽: 添加標簽
沒有標簽, 成為第一個標記此記錄!
Thư viện lưu trữ: Trung tâm Học liệu Trường Đại học Cần Thơ
LEADER 01182nam a2200217Ia 4500
001 CTU_224910
008 210402s9999 xx 000 0 und d
082 |a 495.9220712 
082 |b Y603 
100 |a Huỳnh, Thị Kim Yến 
245 0 |a Rèn luyện năng lực sử dụng tiếng Việt cho học sinh qua dạy học theo dự án : 
245 0 |b Luận văn Thạc sĩ Khoa học giáo dục. Chuyên ngành Lý luận và Phương pháp dạy học bộ môn Văn và tiếng Việt 
245 0 |c Huỳnh Thị Kim Yến ; Nguyễn Văn Nở (Cán bộ hướng dẫn) 
260 |a Cần Thơ 
260 |b Trường Đại học Cần Thơ 
260 |c 2017 
520 |a Tổng quan tình hình nghiên cứu và cơ sở lí luận, đề xuất một số dự án góp phần rèn luyện năng lực sử dụng tiếng Việt. 
650 |a Tiếng Việt,Vietnamese language 
650 |x Dạy và học (Trung học phổ thông),Study and teaching (Secondary) 
910 |b nthai 
980 |a Trung tâm Học liệu Trường Đại học Cần Thơ